000 00476cam a2200193ua 4500
001 2669
008 110909n ii |||gr||||Z||||||asm
040 _cMAIN
082 _a891.4512
100 _aBaruah, Chandadhar,
_eAuthor.
245 1 1 _aMeghanaad badh
_cby Chandadhar Baruah
250 _a11th.
260 _aJorhat:
_bNalinidhar baruah,965.
300 _a110p:9cm.
653 _aAssamese drama
653 _aAssamese language
653 _aMeghanaad badh
942 _cBK
999 _c2520
_d2520